| 000 | 00632nam a2200205Ia 4500 | ||
|---|---|---|---|
| 003 | IN-BaIIA | ||
| 008 | 211028s9999 xx 000 0 eng d | ||
| 040 | _cIIA Library | ||
| 080 |
_a34(09) _bJOI |
||
| 100 |
_aJois, M.R. _920318 |
||
| 245 | 0 |
_aLegal and constitutional history of India _bvol. II, modern legal, judicial and constitutional system. _cM. R. Jois |
|
| 260 |
_aBombay _bN.M.Tripathi _c1984 |
||
| 300 | _axx, 388p. | ||
| 650 |
_aCivil Law _920319 |
||
| 650 |
_aConstitutional Law _920320 |
||
| 650 |
_aConstitutional System _920321 |
||
| 650 |
_aJudicial System _920322 |
||
| 650 |
_aLegal System _920323 |
||
| 942 | _cBK | ||
| 999 |
_c11731 _d11731 |
||